Ripples in mathematics (Record no. 5205)

MARC details
000 -LEADER
fixed length control field 00448 a2200169 4500
000 - LEADER
fixed length control field BKB
001 - CONTROL NUMBER
control field 071938
005 - DATE AND TIME OF LATEST TRANSACTION
control field 20200902151114.0
008 - FIXED-LENGTH DATA ELEMENTS--GENERAL INFORMATION
fixed length control field
082 ## - DEWEY DECIMAL CLASSIFICATION NUMBER
Classification number 515.2433
Item number J45R
100 1# - MAIN ENTRY--PERSONAL NAME
Personal name Jenson, A.
245 1# - TITLE STATEMENT
Title Ripples in mathematics
Statement of responsibility, etc by A. Jenson and A La Cour-Harbo
260 ## - PUBLICATION, DISTRIBUTION, ETC. (IMPRINT)
Place of publication, distribution, etc New Dehli
Name of publisher, distributor, etc Springer
Date of publication, distribution, etc 2001
300 ## - PHYSICAL DESCRIPTION
Extent 246p.
690 ## - LOCAL SUBJECT ADDED ENTRY--TOPICAL TERM (OCLC, RLIN)
Topical term or geographic name as entry element Mathematics;
700 ## - ADDED ENTRY--PERSONAL NAME
Personal name Cour-Harbo, A La
Numeration
Titles and other words associated with a name
Holdings
Withdrawn status Lost status Damaged status Not for loan Home library Current library Date acquired Cost, normal purchase price Total Checkouts Full call number Barcode Date last seen Price effective from Koha item type
        Central University Of Rajasthan Central University Of Rajasthan 07/03/2012 295.00   515.2433 J45R 6421 21/11/2024 02/09/2020 Books